|
|
แสดงรายละเอียดบรรณานุกรม |
|
|
Brief Record
: Get Marc (ISO 2709)
: E-mail record
: |
|
|
| LEADER 00000nama 2200000uu 4500 | |||
| 001 186698 | |||
| 003 ULIBM | |||
| 008 040531s2544 th m m a000 0 tha d | |||
| 020 974-690-049-6 | |||
| 041 tha | |||
| 050 DS586 ว719ก | |||
| 100 วิลาศ มณีวัต | |||
| 245 พระราชอารมณ์ขัน | |||
| 246 พระราชดำรัส | |||
| 250 10 | |||
| 260 กรุงเทพฯ ดอกหญ้า 2544 | |||
| 300 200 หน้า | |||
| 650 ภูมิพลอดุลยเดช,พระบาทสมเด็จพระปรมินทรมหา, | |||
| 998 2001-09-11 | |||
| 999 ^aใช้งานได้ทุกระบบ | |||
| คุณยังไม่ได้ล็อกอิน คุณสามารถมีกิจกรรมร่วมกับเว็บไซต์ได้ แต่ต้องล็อกอินก่อน :: |
|
| สถานะ | |||||||||
| 1. | หนังสือทั่วไป | DS586 ว719ก 2544 | On Shelf ขอยืม | ||||||
| 2. | หนังสือทั่วไป | DS586 ว719ก 2544 | On Shelf ขอยืม | ||||||
| [แสดง 2/2 รายการ] | |||||||||
| รายการใกล้เคียง หัวเรื่อง [ภูมิพลอดุลยเดช,พระบาทสมเด็จพระปรมินทรมหา,]
|
BibComment |
| คอมเมนท์ทรัพยากรรายการนี้ |
|
|